000 00912nam a2200289 a 4500
003 AR-BaBNM
005 20251128204813.0
008 082120s2002 ||||||||||||||000 | spa||
020 _a84-85748-45-X
040 _cAR-BaBNM
245 0 0 _aDiccionario enciclopédico profesional de finanzas y banca
_n1
250 _a1ª ed.
260 _aMadrid
_bInstituto Superior de Técnicas y Prácticas Bancarias
_c1992
300 _axiv, 684 p.
_bil., gráfs., tablas
500 _aEl tomo 1 incluye las palabras comprendidas entre las letras A y CH
650 4 _aBANCOS
650 4 _aDICCIONARIOS
650 4 _aLEXICOGRAFIA
650 4 _aVOCABULARIO
650 4 _aFINANZAS
653 _aSISTEMA BANCARIO
700 1 _aRobles Elez-Villarroel, Juan Fernando
_edirector
700 1 _aAnciano Pardo, Carmen
_ecolaborador
700 1 _aLópez Domínguez, Ignacio
_ecolaborador
942 _cBK
998 _cMARTIN
999 _c8888
_d8888